<?xml version="1.0" encoding="UTF-8"?>
<collection xmlns="http://www.loc.gov/MARC21/slim">
    <record>
        <controlfield tag="001">65063</controlfield>
        <controlfield tag="005">20180207125404.0</controlfield>
        <datafield tag="037" ind1=" " ind2=" ">
            <subfield code="a">TAZ-TFG-2017-2867</subfield>
        </datafield>
        <datafield tag="041" ind1=" " ind2=" ">
            <subfield code="a">spa</subfield>
        </datafield>
        <datafield tag="100" ind1="1" ind2=" ">
            <subfield code="a">Gayarre Antomás, María</subfield>
        </datafield>
        <datafield tag="242" ind1="0" ind2="0">
            <subfield code="a">Physical Activity and Life Quality in Down syndrome society in the Down Huesca Association: a quantitative and descriptive study based on professionals´ and on Down syndrome individuals´perceptions</subfield>
        </datafield>
        <datafield tag="245" ind1="0" ind2="0">
            <subfield code="a">Actividad Física y Calidad de Vida en personas con Síndrome de Down de la Asociación Down Huesca: un estudio descriptivo cuantitativo basado en percepciones de profesionales y de las propias personas con Síndrome de Down.</subfield>
        </datafield>
        <datafield tag="260" ind1=" " ind2=" ">
            <subfield code="a">Zaragoza</subfield>
            <subfield code="b">Universidad de Zaragoza</subfield>
            <subfield code="c">2017</subfield>
        </datafield>
        <datafield tag="506" ind1=" " ind2=" ">
            <subfield code="a">by-nc-sa</subfield>
            <subfield code="b">Creative Commons</subfield>
            <subfield code="c">3.0</subfield>
            <subfield code="u">http://creativecommons.org/licenses/by-nc-sa/3.0/</subfield>
        </datafield>
        <datafield tag="520" ind1=" " ind2=" ">
            <subfield code="a">En las últimas décadas, dentro del ámbito de la discapacidad intelectual, la  valoración de calidad de vida es un tema que ha ido ganando peso, numerosos estudiosos del ámbito nacional e internacional han centrado sus investigaciones en este ámbito. Este trabajo se centra en conocer las aportaciones de la actividad física y el deporte a la calidad  de vida de las personas con Síndrome de Down de la Asociación Down de Huesca. Con este, se pretende averiguar la calidad de vida que posee el grupo de personas con quien realicé mis prácticas, comparar la calidad de vida entre sujetos con Síndrome de Down que realizan y no realizan actividad física y deportiva de manera habitual, estableciendo diferencia según género y edad, y contrastar la percepción que poseen los usuarios con la de un profesional de dicha entidad. La metodología para realizar esta investigación se basó en un estudio descriptivo cuantitativo centrado en la Asociación Down de Huesca, contando con la participación de algunos usuarios y un profesional, a los cuales se les pasó la Escala INICO-FEAPS. Los resultados obtenidos señalan la práctica regular de actividad física como base para una buena calidad de vida en las personas con Síndrome de Down.</subfield>
        </datafield>
        <datafield tag="521" ind1=" " ind2=" ">
            <subfield code="a">Graduado en Ciencias de la Actividad Física y del Deporte</subfield>
        </datafield>
        <datafield tag="540" ind1=" " ind2=" ">
            <subfield code="a">Derechos regulados por licencia Creative Commons</subfield>
        </datafield>
        <datafield tag="700" ind1=" " ind2=" ">
            <subfield code="a">Asún Dieste, Sonia</subfield>
            <subfield code="e">dir.</subfield>
        </datafield>
        <datafield tag="710" ind1="2" ind2=" ">
            <subfield code="a">Universidad de Zaragoza</subfield>
            <subfield code="b">Expresión Musical, Plástica y Corporal</subfield>
            <subfield code="c">Didáctica de la Expresión Corporal</subfield>
        </datafield>
        <datafield tag="856" ind1="0" ind2=" ">
            <subfield code="f">686787@celes.unizar.es</subfield>
        </datafield>
        <datafield tag="856" ind1="4" ind2=" ">
            <subfield code="s">1825611</subfield>
            <subfield code="u">http://zaguan.unizar.es/record/65063/files/TAZ-TFG-2017-2867.pdf</subfield>
            <subfield code="y">Memoria (spa)</subfield>
        </datafield>
        <datafield tag="909" ind1="C" ind2="O">
            <subfield code="o">oai:zaguan.unizar.es:65063</subfield>
            <subfield code="p">driver</subfield>
            <subfield code="p">trabajos-fin-grado</subfield>
        </datafield>
        <datafield tag="950" ind1=" " ind2=" ">
            <subfield code="a"></subfield>
        </datafield>
        <datafield tag="951" ind1=" " ind2=" ">
            <subfield code="a">deposita:2018-02-07</subfield>
        </datafield>
        <datafield tag="980" ind1=" " ind2=" ">
            <subfield code="a">TAZ</subfield>
            <subfield code="b">TFG</subfield>
            <subfield code="c">FCSHUES</subfield>
        </datafield>
    </record>

    
</collection>